[Event "ENCI Limburg-open B"]
[Site "Maastricht"]
[Date "2008.05.10"]
[Round "2"]
[White "Ingelaere, Arthur"]
[Black "De Mon, Gino"]
[Result "0-1"]
[WhiteElo "986"]
[BlackElo "1316"]
[PlyCount "48"]
[EventDate "2008.05.09"]
[EventType "swiss"]
[EventRounds "7"]
[EventCountry "NED"]
[Source "P.Boonen"]
[SourceDate "2010.01.01"]

1. e4 e5 2. Nf3 Nc6 3. Bc4 Bc5 4. d3 d6 5. Nc3 Nf6 6. Bg5 Bg4 7. Nd5 h6 8.
Nxf6+ gxf6 9. Bd2 Nd4 10. h3 Nxf3+ 11. gxf3 Bd7 12. Qe2 a5 13. O-O-O b5 14. Bd5
c6 15. Bb3 a4 16. Bxa4 Rxa4 17. Kb1 Qa8 18. a3 b4 19. Bc1 bxa3 20. bxa3 Bxa3
21. Bxa3 Rxa3 22. Kc1 Qa5 23. Qd2 Ra1+ 24. Kb2 Qa3# 0-1

[Event "ENCI Limburg-open B"]
[Site "Maastricht"]
[Date "2008.05.10"]
[Round "2"]
[White "Ingelaere, Tijl"]
[Black "Freriks, Oscar"]
[Result "0-1"]
[WhiteElo "1150"]
[BlackElo "1453"]
[PlyCount "134"]
[EventDate "2008.05.09"]
[EventType "swiss"]
[EventRounds "7"]
[EventCountry "NED"]
[Source "P.Boonen"]
[SourceDate "2010.01.01"]

1. e4 g6 2. Nc3 Bg7 3. b3 d6 4. Bb2 Nf6 5. Nd5 Nbd7 6. Nxf6+ Nxf6 7. d3 O-O 8.
Nf3 e5 9. Be2 Nh5 10. g3 Bh3 11. Qd2 f5 12. exf5 Rxf5 13. Rg1 Bg4 14. Nh4 Rg5
15. Nf3 Bxf3 16. Bxf3 Bh6 17. Qe2 Rf5 18. Bxh5 Rxh5 19. h4 Qf8 20. Rh1 e4 21.
dxe4 Bg7 22. Bxg7 Qxg7 23. O-O-O Re8 24. Kb1 Ra5 25. Qc4+ Kh8 26. Qd4 Rae5 27.
f3 Kg8 28. Rhf1 b6 29. Qc4+ Kf8 30. Rd5 R8e7 31. Qd4 Qf7 32. Rxe5 Rxe5 33. f4
Rc5 34. Qd3 Qg7 35. e5 dxe5 36. fxe5+ Ke7 37. Re1 Rxe5 38. Rxe5+ Qxe5 39. Qf3
Ke6 40. Qg4+ Qf5 41. Qc4+ Kd6 42. Qd3+ Qxd3 43. cxd3 Ke5 44. Kc2 Kf5 45. Kc3
Kg4 46. Kd4 Kxg3 47. Kd5 Kxh4 48. Kc6 g5 49. Kxc7 g4 50. d4 g3 51. d5 g2 52. d6
g1=Q 53. d7 Qc5+ 54. Kd8 Kg5 55. Ke8 Qe5+ 56. Kf7 Qf6+ 57. Ke8 Kg6 58. d8=N h5
59. a4 h4 60. a5 bxa5 61. b4 axb4 62. Nf7 Qxf7+ 63. Kd8 Kf6 64. Kc8 Ke6 65. Kb8
Kd6 66. Ka8 Kc6 67. Kb8 Qb7# 0-1

[Event "ENCI Limburg-open B"]
[Site "Maastricht"]
[Date "2008.05.10"]
[Round "2"]
[White "Johnen, Franz"]
[Black "Van der Sanden, Martien"]
[Result "0-1"]
[WhiteElo "1587"]
[BlackElo "1872"]
[PlyCount "80"]
[EventDate "2008.05.09"]
[EventType "swiss"]
[EventRounds "7"]
[EventCountry "NED"]
[Source "P.Boonen"]
[SourceDate "2010.01.01"]

1. d4 Nf6 2. c4 g6 3. Nc3 Bg7 4. Nf3 O-O 5. e3 d6 6. Be2 Nbd7 7. O-O c6 8. Qc2
e5 9. dxe5 dxe5 10. Rd1 Qe7 11. b3 a6 12. Bb2 b5 13. Rd2 Bb7 14. Rad1 b4 15.
Ne4 Rad8 16. Nd6 Bc8 17. c5 Nd5 18. e4 N5f6 19. Nxc8 Rxc8 20. Bxa6 Rc7 21. Qc4
Qxc5 22. Bxe5 Qxc4 23. Bxc4 Nxe5 24. Nxe5 Nxe4 25. Rd4 Nc3 26. Re1 Re7 27. f4
Bxe5 28. Rxe5 Rfe8 29. Rxe7 Rxe7 30. Rd6 c5 31. Ra6 Ne2+ 32. Bxe2 Rxe2 33. Kf1
Rc2 34. Kg1 Kg7 35. g3 Kh6 36. g4 c4 37. f5 c3 38. h4 Rd2 39. Rc6 c2 40. fxg6
hxg6 0-1

[Event "ENCI Limburg-open B"]
[Site "Maastricht"]
[Date "2008.05.10"]
[Round "2"]
[White "Kalkman De Koster, Franzke"]
[Black "Ucaroglu, Melih Furkan"]
[Result "1/2-1/2"]
[WhiteElo "1390"]
[BlackElo "1064"]
[PlyCount "110"]
[EventDate "2008.05.09"]
[EventType "swiss"]
[EventRounds "7"]
[EventCountry "NED"]
[Source "P.Boonen"]
[SourceDate "2010.01.01"]

1. d4 d5 2. c4 c6 3. Nf3 Bg4 4. e3 Nd7 5. Nc3 Ngf6 6. Be2 e6 7. c5 b6 8. b4 Be7
9. h3 Bxf3 10. Bxf3 e5 11. g3 O-O 12. O-O h6 13. e4 dxe4 14. Nxe4 Nxe4 15. Bxe4
Qc7 16. Bb2 f5 17. Bg2 Bf6 18. b5 bxc5 19. bxc6 Nb6 20. dxc5 Nc4 21. Bd5+ Kh8
22. Bxc4 Rad8 23. Qh5 Qxc6 24. Rac1 e4 25. Ba3 Bg5 26. Rcd1 Rxd1 27. Rxd1 Qa4
28. Bb2 Qxc4 29. Rd7 Bf6 30. Bxf6 Rxf6 31. Rd8+ Kh7 32. Qe8 Qe6 33. Qh8+ Kg6
34. Rd6 Qf7 35. Qb8 Rxd6 36. Qxd6+ Qf6 37. Qc7 Qa1+ 38. Kg2 Qxa2 39. c6 e3 40.
Qd6+ Kh7 41. Qf4 e2 42. Qxf5+ Kh8 43. c7 e1=Q 44. c8=Q+ Qg8 45. Qxg8+ Kxg8 46.
Kf3 Qc3+ 47. Kg2 Qc6+ 48. f3 a6 49. Kf2 Qb6+ 50. Ke2 Qb2+ 51. Ke3 Qb3+ 52. Kf4
Qc4+ 53. Ke3 Qc3+ 54. Kf4 Qd4+ 55. Qe4 Qf6+ 1/2-1/2

[Event "ENCI Limburg-open B"]
[Site "Maastricht"]
[Date "2008.05.10"]
[Round "2"]
[White "Kers, Kyra Tiana"]
[Black "Uckerman, John"]
[Result "1/2-1/2"]
[WhiteElo "1385"]
[BlackElo "1683"]
[PlyCount "90"]
[EventDate "2008.05.09"]
[EventType "swiss"]
[EventRounds "7"]
[EventCountry "NED"]
[Source "P.Boonen"]
[SourceDate "2010.01.01"]

1. e4 e5 2. Bc4 Nf6 3. Nc3 Be7 4. Nf3 d6 5. d3 O-O 6. Bg5 Be6 7. Nd2 Nc6 8. O-O
Nd4 9. Nb5 Nxb5 10. Bxb5 c6 11. Ba4 b5 12. Bb3 d5 13. Nf3 Nd7 14. Bxe7 Qxe7 15.
Re1 f6 16. d4 Rad8 17. c3 Qf7 18. Bc2 Bg4 19. Qd3 Kh8 20. exd5 Qh5 21. dxc6 Nc5
22. Qxb5 Bxf3 23. gxf3 Ne6 24. Qd3 Nf4 25. Qf5 Nh3+ 26. Kg2 Ng5 27. Qg4 Qxg4+
28. fxg4 exd4 29. Rad1 Rc8 30. Rxd4 Rxc6 31. h4 Nf7 32. Rde4 Ne5 33. Kh3 g5 34.
hxg5 Nf3 35. Re8 Nxg5+ 36. Kg2 Rc8 37. Rxf8+ Rxf8 38. Re7 Rd8 39. Rxa7 Rd2 40.
Bb3 Rxb2 41. Ra8+ Kg7 42. Rg8+ Kh6 43. c4 Ne4 44. Kf3 Nxf2 45. Kf4 Nd3+ 1/2-1/2

[Event "ENCI Limburg-open B"]
[Site "Maastricht"]
[Date "2008.05.10"]
[Round "2"]
[White "Kers Lageveen, Heleen"]
[Black "Braam, Marco"]
[Result "0-1"]
[WhiteElo "1156"]
[BlackElo "1590"]
[PlyCount "66"]
[EventDate "2008.05.09"]
[EventType "swiss"]
[EventRounds "7"]
[EventCountry "NED"]
[Source "P.Boonen"]
[SourceDate "2010.01.01"]

1. e4 c5 2. Bc4 e6 3. d3 Nc6 4. Bf4 d5 5. Bb5 Qa5+ 6. Nc3 d4 7. Bxc6+ bxc6 8.
Nge2 dxc3 9. Nxc3 Nf6 10. O-O Qd8 11. e5 Nd5 12. Bg3 h5 13. Qf3 h4 14. h3 hxg3
15. fxg3 f5 16. Ne4 Qc7 17. Ng5 Qxe5 18. Rae1 Qf6 19. h4 Be7 20. c4 Qd4+ 21.
Rf2 Nb4 22. Re3 Qg4 23. Qxg4 fxg4 24. Rf7 Bxg5 25. Rxg7 Bxe3+ 26. Kf1 e5 27.
Ke2 Bd4 28. Rg5 Rf8 29. Ke1 Nxd3+ 30. Kd1 Rf1+ 31. Kc2 Rf2+ 32. Kd1 Rb8 33.
Rg8+ Kf7 0-1

[Event "ENCI Limburg-open B"]
[Site "Maastricht"]
[Date "2008.05.10"]
[Round "2"]
[White "Klees, Robert"]
[Black "Smit, Melvin"]
[Result "1-0"]
[WhiteElo "1239"]
[BlackElo "1678"]
[PlyCount "41"]
[EventDate "2008.05.09"]
[EventType "swiss"]
[EventRounds "7"]
[EventCountry "NED"]
[Source "P.Boonen"]
[SourceDate "2010.01.01"]

1. d4 Nf6 2. c4 e5 3. dxe5 Ng4 4. Nf3 Bc5 5. e3 Nc6 6. Qd5 Qe7 7. a3 a5 8. Nc3
Ngxe5 9. Nxe5 Nxe5 10. f4 Ng4 11. Qf3 Nxe3 12. Bxe3 Qxe3+ 13. Qxe3+ Bxe3 14.
Nd5 Bb6 15. c5 Bxc5 16. Nxc7+ Kd8 17. Nxa8 b5 18. Rc1 Re8+ 19. Be2 Bb7 20. Rxc5
Bxa8 21. Kf2 1-0

[Event "ENCI Limburg-open B"]
[Site "Maastricht"]
[Date "2008.05.10"]
[Round "2"]
[White "Laan, Kart"]
[Black "Peek, Harrie"]
[Result "1-0"]
[WhiteElo "1541"]
[BlackElo "1722"]
[PlyCount "77"]
[EventDate "2008.05.09"]
[EventType "swiss"]
[EventRounds "7"]
[EventCountry "NED"]
[Source "P.Boonen"]
[SourceDate "2010.01.01"]

1. e4 d5 2. exd5 Nf6 3. Nc3 Nxd5 4. Bc4 Nb6 5. Bb3 Nc6 6. Nf3 e5 7. O-O Be7 8.
h3 O-O 9. Re1 Bf6 10. d3 Bf5 11. Be3 Nd4 12. Nd2 a5 13. Bxd4 exd4 14. Nce4 Be7
15. Qf3 Bg6 16. a3 a4 17. Ba2 Kh8 18. Re2 f5 19. Ng3 c6 20. Rae1 Bd6 21. Be6
Qg5 22. Nc4 Nxc4 23. Bxc4 h5 24. Re6 Rad8 25. h4 Qh6 26. Ne2 b5 27. Qxc6 bxc4
28. Rxd6 Rxd6 29. Qxd6 Rf6 30. Qb8+ Kh7 31. Nxd4 Bf7 32. dxc4 Bxc4 33. Nf3 g6
34. Qc7+ Bf7 35. Ng5+ Kg8 36. Qd8+ Kg7 37. Re7 Qh8 38. Rxf7+ Rxf7 39. Qxh8+ 1-0

[Event "ENCI Limburg-open B"]
[Site "Maastricht"]
[Date "2008.05.10"]
[Round "2"]
[White "Laarhoven, Marcel"]
[Black "Dirksen, Pieter"]
[Result "1-0"]
[WhiteElo "1846"]
[BlackElo "1518"]
[PlyCount "139"]
[EventDate "2008.05.09"]
[EventType "swiss"]
[EventRounds "7"]
[EventCountry "NED"]
[Source "P.Boonen"]
[SourceDate "2010.01.01"]

1. e4 e5 2. Bc4 Bc5 3. d3 Nc6 4. Nf3 d6 5. c3 Nf6 6. b4 Bb6 7. Bg5 Be6 8. Bb3
a5 9. b5 Nb8 10. Nbd2 Nbd7 11. a4 c6 12. bxc6 bxc6 13. Rb1 Qc7 14. Bxe6 fxe6
15. c4 O-O 16. Qc2 Qa7 17. O-O Rab8 18. Nb3 Bd4 19. Rbc1 c5 20. Bd2 Rb6 21.
Nxa5 Rb2 22. Qd1 Qb6 23. Rb1 Rxb1 24. Qxb1 Rb8 25. Qxb6 Rxb6 26. h3 Nb8 27. Ng5
d5 28. exd5 exd5 29. cxd5 Nxd5 30. Ne4 Nf4 31. Bxf4 exf4 32. Rc1 Na6 33. Kf1
Rb4 34. Rc4 Rb6 35. Ke2 h6 36. Nd2 Rb4 37. Rxb4 cxb4 38. Nab3 Bb6 39. Nc4 Ba7
40. d4 Nc7 41. Kd3 Kf7 42. Nd6+ Ke6 43. Nc8 Bb8 44. Kc4 Nd5 45. Nc5+ Kf5 46.
Kxd5 Bc7 47. f3 g5 48. Ne7+ Kf6 49. Nc6 h5 50. Nxb4 g4 51. Nbd3 gxh3 52. gxh3
Bd8 53. Nxf4 Kf5 54. Nce6 Bb6 55. Nxh5 Ba5 56. Nhg7+ Kg6 57. f4 Be1 58. Ke5 Bh4
59. f5+ Kf7 60. d5 Bf6+ 61. Kd6 Be7+ 62. Kd7 Bb4 63. d6 Kg8 64. Ne8 Kf7 65. Kc6
Ba3 66. d7 Be7 67. Nd6+ Kg8 68. d8=Q+ Bxd8 69. Nxd8 Kf8 70. a5 1-0

[Event "ENCI Limburg-open B"]
[Site "Maastricht"]
[Date "2008.05.10"]
[Round "2"]
[White "Loose, Rob"]
[Black "Koehorst, Andre"]
[Result "1-0"]
[WhiteElo "1859"]
[BlackElo "1553"]
[PlyCount "47"]
[EventDate "2008.05.09"]
[EventType "swiss"]
[EventRounds "7"]
[EventCountry "NED"]
[Source "P.Boonen"]
[SourceDate "2010.01.01"]

1. e4 e6 2. d4 d5 3. Nc3 Bb4 4. e5 c5 5. a3 cxd4 6. axb4 dxc3 7. Nf3 cxb2 8.
Bxb2 Ne7 9. Bd3 h6 10. O-O Qc7 11. Re1 b6 12. Nd4 O-O 13. Nb5 Qd7 14. Nd6 f6
15. Nxc8 Nxc8 16. exf6 gxf6 17. Qg4+ Kf7 18. Bg6+ Ke7 19. Bf5 Kd8 20. Bxe6 Qc7
21. Bxc8 Qxc8 22. Qg7 Nd7 23. Ra3 Qxc2 24. Qe7+ 1-0

[Event "ENCI Limburg-open B"]
[Site "Maastricht"]
[Date "2008.05.10"]
[Round "2"]
[White "Maessen, Roy"]
[Black "Nissel, Andreas"]
[Result "0-1"]
[WhiteElo "1311"]
[BlackElo "1677"]
[PlyCount "60"]
[EventDate "2008.05.09"]
[EventType "swiss"]
[EventRounds "7"]
[EventCountry "NED"]
[Source "P.Boonen"]
[SourceDate "2010.01.01"]

1. d4 Nf6 2. Nf3 c6 3. e3 d5 4. Bd3 Bg4 5. Be2 Nbd7 6. O-O Qc7 7. b3 e6 8. Bb2
Bd6 9. Ne5 Nxe5 10. dxe5 Bxe5 11. Nc3 Bxh2+ 12. Kh1 h5 13. g3 h4 14. Bxg4 hxg3
15. Qf3 Rh4 16. Kg2 Rxg4 17. Ne2 gxf2+ 18. Kxf2 Ne4+ 19. Ke1 f5 20. Rh1 O-O-O
21. Nd4 Ng5 22. Qe2 Rh8 23. Nf3 Qg3+ 24. Kd2 Nxf3+ 25. Kd3 c5 26. Raf1 c4+ 27.
bxc4 dxc4+ 28. Kc3 Qe5+ 29. Kb4 Qxb2+ 30. Ka5 Qb6+ 0-1

[Event "ENCI Limburg-open B"]
[Site "Maastricht"]
[Date "2008.05.10"]
[Round "2"]
[White "Marcoen, Tom"]
[Black "Ingelaere, Frederic"]
[Result "1-0"]
[WhiteElo "1384"]
[BlackElo "1691"]
[PlyCount "65"]
[EventDate "2008.05.09"]
[EventType "swiss"]
[EventRounds "7"]
[EventCountry "NED"]
[Source "P.Boonen"]
[SourceDate "2010.01.01"]

1. e4 c5 2. Nc3 Nc6 3. f4 g6 4. Nf3 Bg7 5. Bb5 e6 6. O-O Nge7 7. d3 a6 8. Bxc6
Nxc6 9. Qe1 O-O 10. Qg3 d6 11. e5 d5 12. h4 b5 13. Qh3 d4 14. Ne4 c4 15. Bd2
Qe7 16. a3 a5 17. h5 Bd7 18. hxg6 fxg6 19. Kf2 Rf5 20. g4 Rff8 21. Nfg5 Bxe5
22. Kg3 Bf6 23. Nxf6+ Rxf6 24. Rh1 Qg7 25. Nxh7 Rf7 26. Ng5 Re7 27. Qg2 Qf6 28.
Rh6 Rc8 29. Rah1 Nd8 30. Rh8+ Qxh8 31. Rxh8+ Kxh8 32. Qh2+ Kg7 33. Qh7+ 1-0

[Event "ENCI Limburg-open B"]
[Site "Maastricht"]
[Date "2008.05.10"]
[Round "2"]
[White "Metsemakers, Peter"]
[Black "Raemakers, Karl"]
[Result "1-0"]
[WhiteElo "1847"]
[BlackElo "1540"]
[PlyCount "79"]
[EventDate "2008.05.09"]
[EventType "swiss"]
[EventRounds "7"]
[EventCountry "NED"]
[Source "P.Boonen"]
[SourceDate "2010.01.01"]

1. e4 e5 2. Nf3 Nf6 3. Nxe5 d6 4. Nf3 Nxe4 5. d4 d5 6. Bd3 Be7 7. O-O Bg4 8.
Re1 f5 9. h3 Bh5 10. Bf4 O-O 11. Be2 c5 12. c3 c4 13. b3 b5 14. a4 bxa4 15.
bxc4 Bxf3 16. gxf3 Nxf2 17. Kxf2 Bh4+ 18. Kg2 Bxe1 19. Qxe1 Re8 20. cxd5 Qe7
21. Be5 f4 22. d6 Qg5+ 23. Kh2 Nd7 24. Nd2 Rab8 25. Ne4 Qf5 26. Rb1 Rxb1 27.
Qxb1 Rb8 28. Nf6+ Qxf6 29. Bc4+ Kf8 30. Qxh7 Rb2+ 31. Kh1 Rb1+ 32. Qxb1 Qh4 33.
Qf5+ Nf6 34. Bxf4 Qe1+ 35. Kg2 Qxc3 36. Qc8+ Ne8 37. d7 Qc2+ 38. Kg3 Qg6+ 39.
Kf2 Qc2+ 40. Be2 1-0

[Event "ENCI Limburg-open B"]
[Site "Maastricht"]
[Date "2008.05.10"]
[Round "2"]
[White "Mollema, Thomas"]
[Black "Hebels, Alex"]
[Result "1-0"]
[WhiteElo "1422"]
[BlackElo "1146"]
[PlyCount "81"]
[EventDate "2008.05.09"]
[EventType "swiss"]
[EventRounds "7"]
[EventCountry "NED"]
[Source "P.Boonen"]
[SourceDate "2010.01.01"]

1. e4 Nc6 2. Nf3 d5 3. Nc3 d4 4. Nd5 e6 5. Nf4 Bd6 6. d3 Nge7 7. c3 Bxf4 8.
Bxf4 Ng6 9. Bg3 e5 10. cxd4 exd4 11. Rc1 O-O 12. Qb3 Qe7 13. a3 Kh8 14. Be2 Rb8
15. Rxc6 bxc6 16. Qxb8 Bh3 17. Qxa7 Bxg2 18. Rg1 Bxf3 19. Bxf3 f5 20. Qxd4 f4
21. Bh5 fxg3 22. Rxg3 Rd8 23. Qc3 Nf4 24. Be2 Ne6 25. Qxc6 Nd4 26. Qc3 c5 27.
f3 Rb8 28. Kf2 Rb3 29. Qd2 Qb7 30. Qg5 Ne6 31. Qd5 Qxd5 32. exd5 Nd4 33. Rg1
Rxb2 34. Re1 Nc2 35. Rc1 Nd4 36. Rxc5 Rxe2+ 37. Kg3 Nf5+ 38. Kf4 g6 39. Kg5 Kg7
40. Rc7+ Kf8 41. Kf6 1-0

[Event "ENCI Limburg-open B"]
[Site "Maastricht"]
[Date "2008.05.10"]
[Round "2"]
[White "Morren, Emily"]
[Black "De Lange, Marieke"]
[Result "1/2-1/2"]
[WhiteElo "1416"]
[BlackElo "1130"]
[PlyCount "52"]
[EventDate "2008.05.09"]
[EventType "swiss"]
[EventRounds "7"]
[EventCountry "NED"]
[Source "P.Boonen"]
[SourceDate "2010.01.01"]

1. e4 e5 2. Nf3 Nc6 3. Nc3 Nf6 4. Bb5 Bc5 5. Bxc6 bxc6 6. h3 d6 7. O-O O-O 8.
d3 Qe7 9. Bd2 Qe6 10. a3 Nh5 11. Re1 Qg6 12. Nh4 Qf6 13. Nf3 Nf4 14. Be3 Bxh3
15. Bxc5 Qg6 16. Nh4 Qg5 17. Qf3 Qxh4 18. gxh3 Qxh3 19. Qxh3 Nxh3+ 20. Kh2 Ng5
21. Re3 dxc5 22. Ne2 f5 23. exf5 Rxf5 24. Kg2 Raf8 25. Rf1 R8f6 26. Ng3 Rf4
1/2-1/2

[Event "ENCI Limburg-open B"]
[Site "Maastricht"]
[Date "2008.05.10"]
[Round "2"]
[White "Muyrers, Cyril"]
[Black "De Jager, Leo"]
[Result "0-1"]
[WhiteElo "1766"]
[BlackElo "1894"]
[PlyCount "74"]
[EventDate "2008.05.09"]
[EventType "swiss"]
[EventRounds "7"]
[EventCountry "NED"]
[Source "P.Boonen"]
[SourceDate "2010.01.01"]

1. e4 e6 2. d4 d5 3. Nc3 Bb4 4. e5 c5 5. a3 Bxc3+ 6. bxc3 Qc7 7. Nf3 b6 8. c4
dxc4 9. dxc5 bxc5 10. Bxc4 Ne7 11. O-O Ba6 12. Qe2 Bxc4 13. Qxc4 O-O 14. Be3
Nd7 15. Rfe1 Rac8 16. Bf4 Qc6 17. Rad1 Nb6 18. Qe2 Ned5 19. Bd2 Qa4 20. Qd3 Qc4
21. Qb3 Qxb3 22. cxb3 c4 23. bxc4 Rxc4 24. Rb1 Rfc8 25. Ng5 Ra4 26. Bb4 Nxb4
27. axb4 Nd5 28. Ne4 Rxb4 29. Ra1 a5 30. Nd6 Ra8 31. Rec1 h6 32. g3 a4 33. Rc4
a3 34. Rxb4 Nxb4 35. Ne4 a2 36. Nc3 Ra3 37. Nb5 Rb3 0-1

[Event "ENCI Limburg-open B"]
[Site "Maastricht"]
[Date "2008.05.10"]
[Round "2"]
[White "Orbons, Richard"]
[Black "Kuster, Edward"]
[Result "1-0"]
[WhiteElo "1662"]
[BlackElo "1365"]
[PlyCount "51"]
[EventDate "2008.05.09"]
[EventType "swiss"]
[EventRounds "7"]
[EventCountry "NED"]
[Source "P.Boonen"]
[SourceDate "2010.01.01"]

1. Nf3 c5 2. g3 Nf6 3. Bg2 d5 4. c4 d4 5. O-O Nc6 6. d3 e6 7. Nbd2 Be7 8. a3
Rb8 9. b4 cxb4 10. Nb3 Qb6 11. c5 Bxc5 12. Nxc5 Qxc5 13. axb4 Qb5 14. Bf4 e5
15. Nxe5 Nxe5 16. Ra5 Qxb4 17. Rxe5+ Be6 18. Rxe6+ fxe6 19. Bxb8 a5 20. Qa1 Nd7
21. Ba7 b6 22. Bc6 Ke7 23. Rb1 Qc3 24. Bxd7 Kxd7 25. Qa4+ Qc6 26. Qxd4+ 1-0

[Event "ENCI Limburg-open B"]
[Site "Maastricht"]
[Date "2008.05.10"]
[Round "2"]
[White "Otten, Martijn"]
[Black "Daamen, Roland"]
[Result "1-0"]
[WhiteElo "1796"]
[BlackElo "1647"]
[PlyCount "57"]
[EventDate "2008.05.09"]
[EventType "swiss"]
[EventRounds "7"]
[EventCountry "NED"]
[Source "P.Boonen"]
[SourceDate "2010.01.01"]

1. d4 Nf6 2. c4 g6 3. Nc3 d5 4. Bf4 Bg7 5. e3 O-O 6. Nf3 dxc4 7. Bxc4 c5 8. Qb3
cxd4 9. Nxd4 Nbd7 10. Nf3 Qb6 11. Nb5 Nc5 12. Qa3 Bd7 13. Nbd4 Rac8 14. Rc1
Nfe4 15. O-O Bg4 16. Be5 Bxf3 17. Bxg7 Kxg7 18. Nxf3 f6 19. Bd5 e5 20. b4 Qd6
21. Rfd1 Rfd8 22. bxc5 Nxc5 23. Bb3 Nxb3 24. Rxd6 Rxd6 25. axb3 Rc2 26. Ne1
Rcd2 27. Qxa7 Rd7 28. Kf1 b5 29. Rc7 1-0

[Event "ENCI Limburg-open B"]
[Site "Maastricht"]
[Date "2008.05.10"]
[Round "2"]
[White "Pijlman, Rene"]
[Black "Obels, Pepijn"]
[Result "0-1"]
[WhiteElo "1868"]
[BlackElo "1728"]
[PlyCount "30"]
[EventDate "2008.05.09"]
[EventType "swiss"]
[EventRounds "7"]
[EventCountry "NED"]
[Source "P.Boonen"]
[SourceDate "2010.01.01"]

1. e4 c5 2. Nc3 g6 3. f4 Nc6 4. Nf3 Bg7 5. Bb5 Nd4 6. O-O Nxb5 7. Nxb5 d5 8.
exd5 a6 9. Nc3 Nf6 10. d4 c4 11. Qe2 b5 12. Ne5 Nxd5 13. Nc6 Nxc3 14. bxc3 Qd6
15. Ba3 Qxa3 0-1

[Event "ENCI Limburg-open B"]
[Site "Maastricht"]
[Date "2008.05.10"]
[Round "2"]
[White "Reyskens, Jules"]
[Black "Schwanke, Enno"]
[Result "0-1"]
[WhiteElo "1721"]
[BlackElo "1399"]
[PlyCount "56"]
[EventDate "2008.05.09"]
[EventType "swiss"]
[EventRounds "7"]
[EventCountry "NED"]
[Source "P.Boonen"]
[SourceDate "2010.01.01"]

1. e4 d6 2. d4 g6 3. Nc3 Bg7 4. f4 Nd7 5. Nf3 a6 6. Bd3 b5 7. O-O Bb7 8. Re1 c5
9. dxc5 Nxc5 10. h3 Nf6 11. e5 dxe5 12. fxe5 Nd5 13. Nxd5 Qxd5 14. Qe2 e6 15.
Bf4 Bc6 16. b3 Nxd3 17. cxd3 f6 18. exf6 Bxf6 19. Qxe6+ Qxe6 20. Rxe6+ Kf7 21.
Rxc6 Bxa1 22. d4 Rhc8 23. d5 Rxc6 24. dxc6 Ke6 25. Bg3 Bf6 26. Kf1 Be7 27. Ke2
Kd5 28. c7 Bd6 0-1

[Event "ENCI Limburg-open B"]
[Site "Maastricht"]
[Date "2008.05.10"]
[Round "2"]
[White "Rieksen, Richard"]
[Black "Kukhianidze, Nadia"]
[Result "1-0"]
[WhiteElo "1684"]
[BlackElo "1248"]
[PlyCount "49"]
[EventDate "2008.05.09"]
[EventType "swiss"]
[EventRounds "7"]
[EventCountry "NED"]
[Source "P.Boonen"]
[SourceDate "2010.01.01"]

1. e4 d6 2. d4 Nf6 3. Nc3 g6 4. Nf3 Bg7 5. Be3 O-O 6. h3 Nbd7 7. Bc4 c5 8. Qd2
cxd4 9. Nxd4 Ne5 10. Bb3 a6 11. f4 Ned7 12. f5 Nc5 13. fxg6 hxg6 14. O-O-O
Nfxe4 15. Nxe4 Nxe4 16. Qe1 e5 17. Nf3 b5 18. Bd5 Be6 19. Bxe4 Rb8 20. Ng5 Bd7
21. Qh4 Re8 22. Rhf1 Re7 23. Qh7+ Kf8 24. Bxg6 f6 25. Rxd6 1-0

[Event "ENCI Limburg-open B"]
[Site "Maastricht"]
[Date "2008.05.10"]
[Round "2"]
[White "Rodriguez, Abelardo"]
[Black "Woudsma, Ron"]
[Result "1/2-1/2"]
[WhiteElo "1214"]
[BlackElo "1607"]
[PlyCount "108"]
[EventDate "2008.05.09"]
[EventType "swiss"]
[EventRounds "7"]
[EventCountry "NED"]
[Source "P.Boonen"]
[SourceDate "2010.01.01"]

1. e4 Nf6 2. Nc3 d5 3. e5 Ne4 4. d4 Nxc3 5. bxc3 Bf5 6. Ba3 g6 7. Nf3 Bg4 8. h3
Bxf3 9. Qxf3 Bg7 10. Bd3 O-O 11. O-O Re8 12. Qg3 Nd7 13. f4 e6 14. Rfd1 c6 15.
Bc1 f5 16. Ba3 Rc8 17. Rab1 b5 18. Bd6 Bf8 19. Bxf8 Rxf8 20. Rb3 a6 21. Rdb1 c5
22. R3b2 Qa5 23. Qe1 cxd4 24. cxd4 Qxe1+ 25. Rxe1 Nb6 26. Re2 Na4 27. Rb3 Rc3
28. Re3 Rfc8 29. Kf1 Rxb3 30. axb3 Nc3 31. Ke1 a5 32. Kd2 b4 33. h4 Ra8 34. Re1
a4 35. bxa4 Rxa4 36. g3 Kg7 37. Rg1 Kh6 38. Be2 Ne4+ 39. Ke1 Ra1+ 40. Bd1 Nc3
41. Kd2 Nxd1 42. Rxd1 Rxd1+ 43. Kxd1 Kh5 44. Ke2 Kg4 45. Kf2 h6 46. Kg2 g5 47.
hxg5 hxg5 48. fxg5 Kxg5 49. Kf3 Kh5 50. Kf4 Kh6 51. g4 fxg4 52. Kxg4 Kg6 53.
Kf4 Kh5 54. Kf3 Kh6 1/2-1/2

[Event "ENCI Limburg-open B"]
[Site "Maastricht"]
[Date "2008.05.10"]
[Round "2"]
[White "Roelofs, Iris"]
[Black "Boer, Jan"]
[Result "1-0"]
[WhiteElo "1330"]
[BlackElo "1578"]
[PlyCount "79"]
[EventDate "2008.05.09"]
[EventType "swiss"]
[EventRounds "7"]
[EventCountry "NED"]
[Source "P.Boonen"]
[SourceDate "2010.01.01"]

1. e4 e5 2. Nf3 Nc6 3. Bc4 Bc5 4. d3 Nf6 5. O-O O-O 6. Bg5 h6 7. Bd2 d5 8. exd5
Nxd5 9. Bb5 Bg4 10. Bxc6 bxc6 11. Qe2 Re8 12. Qe4 f5 13. Qc4 Qd6 14. Ne1 Be2
15. Nc3 Bxf1 16. Kxf1 Kh8 17. Nf3 Rab8 18. b3 Rb4 19. Qa6 Rg4 20. h3 Rg6 21.
Qc4 Nb6 22. Qh4 Qf8 23. Qh5 Qf6 24. Nh4 Rg5 25. Bxg5 Qxg5 26. Qxe8+ Kh7 27.
Qxe5 Bxf2 28. Kxf2 Qxh4+ 29. Kg1 f4 30. Rf1 g5 31. Ne4 Nd5 32. Nf6+ Kg6 33.
Nxd5 cxd5 34. Qxd5 Qg3 35. Rf3 Qe1+ 36. Kh2 g4 37. hxg4 Qh4+ 38. Rh3 Qxg4 39.
Qc6+ Kf7 40. Qxh6 1-0

[Event "ENCI Limburg-open B"]
[Site "Maastricht"]
[Date "2008.05.10"]
[Round "2"]
[White "Roelofs, Rik"]
[Black "De Graaf, Arnoud"]
[Result "1/2-1/2"]
[WhiteElo "1636"]
[BlackElo "1818"]
[PlyCount "83"]
[EventDate "2008.05.09"]
[EventType "swiss"]
[EventRounds "7"]
[EventCountry "NED"]
[Source "P.Boonen"]
[SourceDate "2010.01.01"]

1. c4 Nf6 2. d4 c5 3. e3 g6 4. Nf3 Bg7 5. Be2 O-O 6. O-O d6 7. Nc3 Na6 8. Bd2
Nc7 9. Bd3 Bg4 10. h3 Bd7 11. Ne2 Rb8 12. a4 b6 13. Rb1 Qe8 14. b3 a6 15. Qc2
e5 16. dxe5 dxe5 17. Ng5 Rd8 18. Ng3 Bc6 19. N5e4 Qd7 20. Nxf6+ Bxf6 21. Be4
Bg7 22. Bxc6 Qxd2 23. Qxd2 Rxd2 24. Rfd1 Rfd8 25. Rxd2 Rxd2 26. Ne4 Rd3 27. Kf1
f5 28. Ng3 e4 29. Ke2 Rd6 30. Bb7 Rd3 31. f4 Kf8 32. Nf1 Ke7 33. Nd2 Rc3 34. g4
Rc2 35. gxf5 Bc3 36. f6+ Kd6 37. Rd1 Rxd2+ 38. Rxd2+ Bxd2 39. Kxd2 Ke6 40. Ke2
a5 41. Bc8+ Kxf6 42. Bb7 1/2-1/2

[Event "ENCI Limburg-open B"]
[Site "Maastricht"]
[Date "2008.05.10"]
[Round "2"]
[White "Sanders, Catheleijne"]
[Black "Neve, Peter"]
[Result "1/2-1/2"]
[WhiteElo "1285"]
[BlackElo "1636"]
[PlyCount "77"]
[EventDate "2008.05.09"]
[EventType "swiss"]
[EventRounds "7"]
[EventCountry "NED"]
[Source "P.Boonen"]
[SourceDate "2010.01.01"]

1. e4 d5 2. exd5 Qxd5 3. Nc3 Qd6 4. d4 Nf6 5. Bc4 Bf5 6. Qf3 Bc8 7. Nge2 c6 8.
Bf4 Qb4 9. Bb3 Bg4 10. Qd3 Nbd7 11. h3 Bh5 12. O-O e6 13. Rfe1 Be7 14. Bc7 Bd8
15. a3 Qe7 16. Bf4 O-O 17. Qg3 Qe8 18. Bg5 Nd5 19. Nxd5 Bxg5 20. Qxg5 Bxe2 21.
Rxe2 cxd5 22. Bxd5 Qd8 23. Qxd8 Rfxd8 24. Bxb7 Rab8 25. Bc6 Rxb2 26. d5 Nc5 27.
Rae1 Kf8 28. c4 Rb3 29. Re3 Rxe3 30. Rxe3 Rb8 31. Kf1 Rb1+ 32. Ke2 Rc1 33. dxe6
fxe6 34. Bb5 a6 35. Re5 axb5 36. Rxc5 bxc4 37. Kd2 Ra1 38. Rxc4 Rxa3 39. Rc7
1/2-1/2